Význam črevnej mikroflóry pre ľudské zdravie
Gespeichert in:
| 1. Verfasser: | |
|---|---|
| Weitere Verfasser: | |
| Format: | Manuskript Buch |
| Sprache: | Slowakisch |
| Veröffentlicht: |
2016
|
| Schlagworte: | |
| Online-Zugang: | http://is.stuba.sk/zp/portal_zp.pl?podrobnosti=101312 |
| Tags: |
Keine Tags, Fügen Sie das erste Tag hinzu!
|
MARC
| LEADER | 00000ntm a22000003a 4500 | ||
|---|---|---|---|
| 001 | stuzp58029 | ||
| 003 | SK-STU | ||
| 005 | 20160719155437.5 | ||
| 007 | ta | ||
| 008 | 150427s2015----xo-----f-mn---000-0-slo-d | ||
| 040 | |a STU |b slo | ||
| 041 | 0 | |a slo | |
| 100 | 1 | |a Závadová, Veronika |u 040200 |4 aut |U FCHPT Fakulta chemickej a potravinárskej technológie |T FCHPT Ústav potravinárstva a výživy |X 60630 |U C020 |Y 684 |7 60630 | |
| 242 | 0 | 1 | |a The impact of the intestinal microbiota on human health |y eng |
| 245 | 1 | 0 | |a Význam črevnej mikroflóry pre ľudské zdravie |
| 260 | |c 2016 | ||
| 650 | 4 | |a mikroflóra |2 slo | |
| 650 | 4 | |a funkcia mikroflóry |2 slo | |
| 650 | 4 | |a probiotiká |2 slo | |
| 650 | 4 | |a prebiotiká |2 slo | |
| 650 | 4 | |a os črevo-mozog |2 slo | |
| 650 | 4 | |a microbiota |2 eng | |
| 650 | 4 | |a function of microbiota |2 eng | |
| 650 | 4 | |a probiotics |2 eng | |
| 650 | 4 | |a prebiotics |2 eng | |
| 650 | 4 | |a gut-brain axis |2 eng | |
| 700 | 1 | |a Greifová, Mária |u 040250 |k Z1 |4 ths |U FCHPT Ústav potravinárstva a výživy |T FCHPT Oddelenie potravinárskej technológie |X 3880 |U C0250 |Y 685 |7 A000003880 | |
| 856 | 4 | |u http://is.stuba.sk/zp/portal_zp.pl?podrobnosti=101312 | |
| SQL | |a stuzp58029 |b DBP |c SLO |d Význam črevnej mikroflóry pre ľudské zdravie |e 60630 |f Závadová, Veronika |g 040200 |h 3880 |i Greifová, Mária |j 20160712 |k 752 |l 04 |m http://is.stuba.sk/zp/portal_zp.pl?podrobnosti=101312 |n B-BIOPOT |o 5.2.25. biotechnológie | ||